Complément du dictionnaire des arts et manufactures / (Record no. 153219)

MARC details
000 -LEADER
campo de control de longitud fija 00680nam a22001695i 4500
001 - NÚMERO DE CONTROL
campo de control 153219
003 - IDENTIFICADOR DE NÚMERO DE CONTROL
campo de control ES-MaACL
005 - FECHA Y HORA DE LA ÚLTIMA TRANSACCIÓN
campo de control 20230906205058.0
008 - DATOS DE LONGITUD FIJA--INFORMACIÓN GENERAL
campo de control de longitud fija 981207s1861 fr a |||| | fre d
245 00 - MENCIÓN DEL TÍTULO
Título Complément du dictionnaire des arts et manufactures /
Mención de responsabilidad, etc. par M. Ch. Laboulaye ; avec le concours de plusieurs savants et ingénieurs.
260 ## - PUBLICACIÓN, DISTRIBUCIÓN, ETC.
Lugar de publicación, distribución, etc. Paris :
Nombre del editor, distribuidor, etc. Librairie Scientifique, Industrielle et Agricole de E. Lacroix,
Fecha de publicación, distribución, etc. 1861.
300 ## - DESCRIPCIÓN FÍSICA
Extensión XVIII, 19-696, XII, 256 p. :
Otras características físicas il. ;
Dimensiones 28 cm.
597 ## - NOTA DE DESCRIPCIÓN FÍSICA
NOTA DE DESCRIPCIÓN FÍSICA Texto a dos col.
650 #4 - PUNTO DE ACCESO ADICIONAL DE MATERIA--TÉRMINO DE MATERIA
Término de materia o nombre geográfico como elemento de entrada Tecnología-
Subdivisión de forma Diccionarios.
9 (RLIN) 17402
700 1# - ENTRADA AGREGADA--NOMBRE PERSONAL
Nombre de persona Laboulaye, Charles (
Fechas asociadas al nombre 1813-1886 )
9 (RLIN) 128548
852 ## - LOCALIZACIÓN
Ubicación ES-MaACL
Número de control de estantería G-12917
Nota libre - Enc. hol.
Holdings
Estatus retirado Estado de pérdida Estado de daño No para préstamo Colección Biblioteca de origen Biblioteca actual Ubicación en estantería Fecha de adquisición Fuente de adquisición Total de préstamos Signatura topográfica completa Código de barras Visto por última vez Precio de reemplazo Tipo de ítem Koha
        Libros del s. XIX Biblioteca del Ateneo de Madrid Biblioteca del Ateneo de Madrid Sala Pecera Planta 3 17/01/2008     G-12917 1160105 23/02/2023 23/02/2023 Libro impreso antiguo